The works of Quaid-i-Azam Muhammad Ali Jinnah 1913-1916 (Record no. 10023)

MARC details
000 -LEADER
fixed length control field 00271nam a2200097Ia 4500
008 - FIXED-LENGTH DATA ELEMENTS--GENERAL INFORMATION
fixed length control field 231207s9999 xx 000 0 und d
082 ## - DEWEY DECIMAL CLASSIFICATION NUMBER
Classification number 80
Item number WOR
100 ## - MAIN ENTRY--PERSONAL NAME
Author Name Riaz Ahmad
245 #4 - TITLE STATEMENT
Title The works of Quaid-i-Azam Muhammad Ali Jinnah 1913-1916
260 ## - PUBLICATION, DISTRIBUTION, ETC.
Name of publisher, distributor, etc. Quaid-i-Azam University
999 ## -
-- 10023
-- 10023
Holdings
Withdrawn status Weedout from Library Permanent Location Current Location Shelving location Date acquired Full call number Barcode Price effective from Koha item type
    NATIONAL COLLEGE OF ARTS, LAHORE - LIBRARY NATIONAL COLLEGE OF ARTS, LAHORE - LIBRARY   08/12/2023 80 WOR 13728 08/12/2023 Book